000 00199nam a2200073Ia 4500
008 170524s9999 xx 000 0 und d
100 _aBAUMOL- WILLAM J.
245 0 _aECONOMIC THEORY AND OPERATIONS ANALYSIS
260 _bPHI NEW DELHI
999 _c8433
_d8433